EL CAMINO DE LA DICHA: LA BONDAD/

Uloženo v:
Podrobná bibliografie
Hlavní autor: Rozan, Carlos (autor)
Médium: Kniha
Témata:
Tagy: Přidat tag
Žádné tagy, Buďte první, kdo vytvoří štítek k tomuto záznamu!

MARC

LEADER 00000nam^a2200000^a^4500
001 000219004
005 20250521000000.0
009 20260526131817.095
035 |a 014283 
037 |a Acervo Xavier Clavigero 
082 |a 177. 7  |b ROZ 
100 |a Rozan, Carlos  |e (autor) 
245 1 3 |a EL CAMINO DE LA DICHA:  |b LA BONDAD/  |c CARLOS ROZAN 
264 |a Barcelona, España :  |b Gustavo Gili,  |c 1907 
300 |a 232p. 
336 |a texto  |b txt  |2 rdacontenido 
337 |a sin mediación  |b n  |2 rdamedio 
338 |a volumen  |b nc  |2 rdasoporte 
649 |a XX 
650 |a Bondad 
650 |a Conducta de Vida 
910 |a Fondo General 
920 |a Impresos - Libros 
930 |a Colección General 
905 |a 101 
901 |a 014283  |b IT1  |c ACC  |i 014283  |u 20250521 
902 |a https://opac.biblio.iteso.mx/vufind/Record/000219004